| 000 | 00654cam a2200241 4500 | ||
|---|---|---|---|
| 001 | J2797 | ||
| 008 | 090401t1994 xxu||||| |||| 00| 0 eng d | ||
| 035 | _a(Sirsi) u51242 | ||
| 041 | _aeng | ||
| 050 | _a333.332 | ||
| 110 |
_aDrivers Jonas _91941 |
||
| 245 | 4 | _aThe variance in valuations: fourth report. - December 1994 | |
| 260 |
_aLondon _bDrivers Jonas _c1994 |
||
| 300 | _a(4)p. ; 30cm. | ||
| 350 | _a0 | ||
| 650 | _aPROPERTY INVESTMENT | ||
| 650 | _aPROPERTY PERFORMANCE MEASUREMENT | ||
| 650 |
_aValuation _96273 |
||
| 690 | _aRATING AND VALUATION | ||
| 710 |
_aInvestment Property Databank _92288 |
||
| 942 | _n0 | ||
| 948 | _c04/03/1997 | ||
| 999 |
_c92845 _d92845 |
||